000 00557nam a2200205Ia 4500
005 20250923144851.0
008 008 250917s9999 xx 000 0 eng d
037 _aTextual
040 _aDSWL
_beng
_cDSWL
041 _aeng
_2eng
084 _aY131:1:3.N4, J1
_qDSWL
100 _aWymer, Norman
_9829241
245 0 _aVillage life
_cby Norman Wymer
260 _aLondon
_bGeorge G. Harrop &
_c1951
300 _a192p.
365 _aINR
_b6
925 _g6
942 _cTEXL
_hY131:1:3.N4, J1
999 _c1444364
_d1444364